| 000 | 00694nam a2200229Ia 4500 | ||
|---|---|---|---|
| 005 | 20241129104123.0 | ||
| 008 | 241129s9999||||xx |||||||||||||| ||und|| | ||
| 020 | _a9783030670726 | ||
| 037 | _aTextual | ||
| 040 |
_aRTL _beng _cRTL |
||
| 041 |
_aeng _2eng |
||
| 084 |
_aU287:(D6,9(B) R1 _qRTL |
||
| 100 |
_aHannachi Abdelwaheb _9724866 |
||
| 245 | 0 |
_aPatterns identification and data mining in weather and climate _cHannachi Abdelwaheb |
|
| 260 |
_aSwitzerland _bSpringer _c2021 |
||
| 300 | _axxiv,600p. | ||
| 365 |
_aINR _b12720.89 |
||
| 490 | _aSpringer Atmospheric Sciences | ||
| 650 | _aGeography | ||
| 942 |
_cTB _hU287:(D6,9(B) R1 |
||
| 999 |
_c1224508 _d1224508 |
||